000
00270nam a2200097Ia 4500
008
200302s9999 xx 000 0 und d
100
_a
Lucien Steil
245
_a
Tradition & Architecture Palaces Public Buildings & House
260
_b
The Architectural Press
300
_a
80 P.,
999
_c
768
_d
768